000 00422nam a2200193Ia 4500
008 210210b1886 xxu||||| |||| 00| 0 eng d
041 _aeng
082 _a824/279
100 _aSCHMIDT (A)
245 _aShakespeare lexicon Vol II
260 _aBerlin
_b-
_c1886
440 _aII
650 _aVol
650 _aShakespeare
650 _alexicon
650 _a1
690 _aEnglish Criticism
906 _a014229
999 _c133360
_d133360